| Поле | Инд. | ПП | Название | Значение |
|---|---|---|---|---|
| Тип записи | a | |||
| Библиографический уровень | m | |||
| 001 | Контрольный номер | 4bc44b073fe8405499f2d468e7b94f69 | ||
| 005 | Дата корректировки | 20250903163845.9 | ||
| 008 | Кодируемые данные | 240528|||||||||ru |||||||||||||||||rus|| | ||
| 020 | a | ISBN | 978-5-603080-31-4 | |
| 040 | b | Код языка каталог. | rus | |
| 041 | 0_ | a | Код языка текста | rus |
| 084 | a | Индекс другой классификации/Индекс ББК | 39.480.25+39.42-082.022 | |
| 090 | a | Полочн. индекс | 39.48 | |
| x | Авторский знак | О-28 | ||
| 203 | a | Вид содержания | Текст | |
| c | Тип средства | непосредственное | ||
| 245 | 10 | a | Заглавие | Общие правила плавания и стоянки судов в морских портах Российской Федерации и на подходах к ним |
| c | Ответственность | Министерство транспорта Российской Федерации | ||
| 260 | a | Место издания | Москва | |
| b | Издательство | Моркнига | ||
| c | Дата издания | 2025 | ||
| c | Дата издания | 2024 | ||
| 300 | a | Объем | 48, [1] с. | |
| 440 | _7 | a | Серия | Морское право |
| 520 | 0_ | a | Аннотация | Настоящие Общие правила обязательны для исполнения экипажами судов в соответствии с их определением в Кодексе торгового мореплавания Российской Федерации, независимо от их флага и прав на них, а также физическими и юридическими лицами, осуществляющими деятельность в морских портах Российской Федерации и на подходах к ним |
| 650 | 04 | a | Основная рубрика | Порты морские-Стоянка судов |
| 650 | 14 | a | Основная рубрика | Суда морские-Управление |
| 653 | 0_ | a | Ключевые слова | Портовые гидротехнические сооружения |
| a | Ключевые слова | Порты морские | ||
| a | Ключевые слова | Правила плавания | ||
| a | Ключевые слова | Сигналы | ||
| a | Ключевые слова | Стоянка судов | ||
| a | Ключевые слова | Суда морские | ||
| a | Ключевые слова | Управление движением судна | ||
| a | Ключевые слова | Экологическая безопасность | ||
| 900 | a | Имя макрообъекта | Общие правила плавания и стоянки судов | |
| 900 | a | Имя макрообъекта | Общие правила плавания и стоянки судов в морских портах | |
| 901 | t | Тип документа | m |